000 00717nam a2200229Ia 4500
005 20220616112848.0
008 210716s2010 xx 000 0 und d
020 _a9780195693485
040 _cAIMIT LIBRARY
041 _aeng
082 _a511.42
_21
_bGUHS
100 _aGuha, Saumyen.
_943320
245 _aNumerical methods:
_bfor engineering and science /
250 _a1st ed.
260 _aNew York :
_bOxford University Press ,
_c2010.
300 _axiv,594p. ;
_c24 cm.
650 _aSystem of linear equations
_943321
650 _aApproximations of functions
_943322
650 _aPartial differential equations
_943323
700 _aSrivastava, Rajesh.
_943324
942 _2ddc
_cBK
_e1st
_k511.42 GUHS
999 _c189793
_d189793